[Event "British Chess Championships 2023: "]
[Site "The Venue, De Montfort University, 20 Western Boulevard, Leicester, LE2 7BU"]
[Date "2023.07.21"]
[Round "1"]
[Board "25"]
[White "Steel, Martin J"]
[Black "Blin, Henri"]
[Result "1-0"]
[WhiteElo "1610"]
[BlackElo "1464"]
[PlyCount "67"]
[EventDate "2023.07.21"]
[EventRounds "5"]
[EventCountry "ENG"]

1. c4 Nf6 2. Nc3 e6 3. e4 Nc6 4. Nf3 Bb4 5. d3 O-O 6. Bd2 b6 7. a3 Bxc3 8. Bxc3 d6
9. Be2 e5 10. O-O Ne7 11. Re1 c5 12. b4 Bd7 13. Qc2 a5 14. bxa5 bxa5 15. Reb1 Qc7
16. Rb2 Rfb8 17. Rab1 Nc6 18. Bd2 Rxb2 19. Rxb2 Rb8 20. Qb1 a4 21. Bd1 Rxb2 22. Qxb2
Qa7 23. h3 Ne7 24. Kh2 Ng6 25. g3 Bc6 26. Ng1 Nf8 27. Ne2 N6d7 28. Nc3 Nb6 29. Nb5
Qb8 30. Ba5 Nfd7 31. Bxb6 Nxb6 32. Nxd6 Nd7 33. Qxb8+ Nxb8 34. Nb5  1-0

[Event "British Chess Championships 2023: "]
[Site "The Venue, De Montfort University, 20 Western Boulevard, Leicester, LE2 7BU"]
[Date "2023.07.21"]
[Round "1"]
[Board "26"]
[White "Walia, Michael Kanishk"]
[Black "Gunn, Michael J"]
[Result "1/2-1/2"]
[WhiteElo "1462"]
[BlackElo "1606"]
[PlyCount "89"]
[EventDate "2023.07.21"]
[EventRounds "5"]
[EventCountry "ENG"]

1. e4 d5 2. exd5 Nf6 3. d4 Nxd5 4. Nf3 Bg4 5. c3 e6 6. Bd3 Be7 7. O-O Nd7 8. Nbd2
N7f6 9. Qc2 Nf4 10. Ne5 Nxd3 11. Qxd3 O-O 12. Nxg4 Nxg4 13. Qg3 Nf6 14. f4 Qd5 15.
Re1 Bd6 16. Nf3 Nh5 17. Qh4 g6 18. Ne5 Rfe8 19. g4 Be7 20. Qh3 Ng7 21. Re3 f6 22.
Nd3 c5 23. Qf3 Qxf3 24. Rxf3 cxd4 25. cxd4 Red8 26. Be3 Rac8 27. Rc1 Rxc1+ 28. Nxc1
b6 29. Nb3 h5 30. h3 Kf7 31. Kg2 Rc8 32. Rf2 f5 33. g5 Ne8 34. h4 Nd6 35. Kf3 Ne4
36. Re2 Bf8 37. Rh2 Bg7 38. Re2 Ke7 39. Bg1 Kd6 40. Ke3 Kd5 41. Kd3 Rc4 42. Rh2 Nd6
43. Nd2 Rc1 44. Be3 Rc7 45. Nf3  1/2-1/2

[Event "British Chess Championships 2023: "]
[Site "The Venue, De Montfort University, 20 Western Boulevard, Leicester, LE2 7BU"]
[Date "2023.07.21"]
[Round "1"]
[Board "27"]
[White "Perkins, Chris"]
[Black "Skelton, Jason"]
[Result "1/2-1/2"]
[WhiteElo "1606"]
[BlackElo "1456"]
[PlyCount "165"]
[EventDate "2023.07.21"]
[EventRounds "5"]
[EventCountry "ENG"]

1. e4 c6 2. d4 d5 3. e5 Bf5 4. Nf3 e6 5. c3 c5 6. Be2 Nc6 7. O-O cxd4 8. Nxd4 Nxd4
9. Qxd4 Ne7 10. b4 Nc6 11. Bb5 Qd7 12. Bxc6 Qxc6 13. Be3 Bxb1 14. Raxb1 b5 15. f4
g6 16. Kh1 h5 17. a4 a6 18. axb5 axb5 19. Ra1 Rc8 20. Ra3 Be7 21. Rfa1 O-O 22. h3
Rc7 23. Qd1 Rfc8 24. Bd4 Qc4 25. Kg1 Bf8 26. h4 Be7 27. g3 Kg7 28. Kf2 f6 29. Qe2
f5 30. Ke3 Rc6 31. Qd1 R6c7 32. Ra6 Rc6 33. Qd3 Kf7 34. R1a5 Qxd3+ 35. Kxd3 Rxa6
36. Rxa6 Rb8 37. Ra7 Kf8 38. Rc7 Bd8 39. Bc5+ Kg8 40. Ra7 Bb6 41. Bxb6 Rxb6 42. Kd4
Rb8 43. Re7 Rc8 44. Rxe6 Rc4+ 45. Kd3 d4 46. cxd4 Kf7 47. Rf6+ Kg7 48. Rb6 Rxb4 49.
Kc3 Rc4+ 50. Kd3 Rb4 51. Rb7+ Kf8 52. d5 Rb3+ 53. Kd2 Rxg3 54. Rxb5 Rg4 55. Rb8+
Ke7 56. Rb7+ Ke8 57. e6 Rxf4 58. d6 Rd4+ 59. Ke3 Rxd6 60. Kf4 Rxe6 61. Kg5 Kf8 62.
Ra7 Re7 63. Ra6 Rg7 64. Kf6 Kg8 65. Ra8+ Kh7 66. Ra4 Rb7 67. Kg5 Kg7 68. Rc4 Rf7
69. Rc6 f4 70. Rxg6+ Kf8 71. Ra6 f3 72. Ra1 f2 73. Rf1 Rg7+ 74. Kf4 Rg4+ 75. Kf3
Rxh4 76. Rxf2 Rg4 77. Rh2 Rg5 78. Kf4 Ra5 79. Rg2 Kf7 80. Rg5 Ra4+ 81. Kg3 Rg4+ 82.
Rxg4 hxg4 83. Kxg4  1/2-1/2

[Event "British Chess Championships 2023: "]
[Site "The Venue, De Montfort University, 20 Western Boulevard, Leicester, LE2 7BU"]
[Date "2023.07.21"]
[Round "1"]
[Board "28"]
[White "Smithson, Sean"]
[Black "Allen, Michael Ei"]
[Result "0-1"]
[WhiteElo "1301"]
[BlackElo "1605"]
[PlyCount "130"]
[EventDate "2023.07.21"]
[EventRounds "5"]
[EventCountry "ENG"]

1. e4 c5 2. Nc3 a6 3. f4 b5 4. g3 Bb7 5. Bg2 e6 6. d3 d5 7. Nf3 b4 8. Ne2 dxe4 9.
Nd2 Nf6 10. O-O Be7 11. b3 exd3 12. Bxb7 dxe2 13. Qxe2 Qd4+ 14. Qf2 Qxf2+ 15. Rxf2
Ra7 16. Bf3 O-O 17. Nc4 Nd5 18. Bb2 Nd7 19. Rd2 Bf6 20. Bxd5 Bxb2 21. Nxb2 exd5 22.
Rxd5 Rc8 23. Rad1 Nf8 24. Nc4 g6 25. Nb6 Rc6 26. Na4 Ne6 27. Nb2 Nd4 28. Kf2 Nxc2
29. Rc1 Na3 30. Rcxc5 Rxc5 31. Rxc5 Nb1 32. Na4 Nd2 33. Re5 f6 34. Re2 Nb1 35. Re6
Kf7 36. Rb6 a5 37. Rc6 Rd7 38. Rc2 Rd2+ 39. Rxd2 Nxd2 40. Nc5 Nb1 41. Nb7 Nc3 42.
Nxa5 Nxa2 43. Ke3 Nc1 44. Kd2 Na2 45. Nc6 Ke6 46. Nd4+ Kd5 47. Ne2 Ke4 48. h3 f5
49. g4 fxg4 50. hxg4 h6 51. f5 gxf5 52. gxf5 Kxf5 53. Kd3 h5 54. Ke3 Nc3 55. Nd4+
Kg4 56. Kf2 Kh3 57. Nc2 Nd1+ 58. Kg1 Kg3 59. Nxb4 h4 60. Nd3 h3 61. b4 Nc3 62. Kh1
h2 63. Ne5 Ne4 64. Nd3 Kh3 65. b5 Ng3#  0-1

[Event "British Chess Championships 2023: "]
[Site "The Venue, De Montfort University, 20 Western Boulevard, Leicester, LE2 7BU"]
[Date "2023.07.21"]
[Round "1"]
[Board "29"]
[White "Gilbert, David J"]
[Black "Mehrgan, Mehrsam"]
[Result "1-0"]
[WhiteElo "1603"]
[BlackElo "1118"]
[PlyCount "57"]
[EventDate "2023.07.21"]
[EventRounds "5"]
[EventCountry "ENG"]

1. c4 c6 2. Nc3 Nf6 3. e4 d6 4. d4 e6 5. Be2 d5 6. e5 Nfd7 7. Nf3 Be7 8. O-O O-O
9. Bf4 f6 10. cxd5 exd5 11. Re1 fxe5 12. Bxe5 Nxe5 13. dxe5 Bc5 14. Qb3 Qb6 15. Qxb6
Bxb6 16. Na4 Bc7 17. Bd3 Be6 18. Nc5 Re8 19. Nxe6 Rxe6 20. Bxh7+ Kh8 21. Bf5 Re7
22. e6 Na6 23. Rad1 Rf8 24. Bg6 Rf6 25. Bf7 Bb6 26. Re5 Nc7 27. Rh5+ Rh6 28. Rxh6+
gxh6 29. Nh4  1-0

[Event "British Chess Championships 2023: "]
[Site "The Venue, De Montfort University, 20 Western Boulevard, Leicester, LE2 7BU"]
[Date "2023.07.22"]
[Round "2"]
[Board "1"]
[White "Allen, Michael Ei"]
[Black "Gunarathne, Senith"]
[Result "0-1"]
[WhiteElo "1605"]
[BlackElo "1739"]
[PlyCount "72"]
[EventDate "2023.07.21"]
[EventRounds "5"]
[EventCountry "ENG"]

1. f4 d5 2. Nf3 Nf6 3. e3 Nc6 4. c4 e6 5. cxd5 exd5 6. d4 Bf5 7. Bb5 Bb4+ 8. Bd2
Bxd2+ 9. Nbxd2 Qe7 10. Ne5 O-O 11. O-O Nd7 12. Qb3 Ncxe5 13. fxe5 Bg6 14. Rac1 c6
15. Bd3 Bxd3 16. Qxd3 f6 17. exf6 Nxf6 18. Nf3 Nd7 19. Rce1 Rae8 20. Qb3 Nb6 21.
e4 Qd6 22. a4 Qg6 23. e5 Re7 24. Rf2 Ref7 25. Ref1 Nc4 26. Qc3 Qh6 27. Re1 g5 28.
b3 Nb6 29. a5 Nc8 30. Qe3 Rf4 31. Rfe2 Ne7 32. Qc1 g4 33. Nd2 Rxd4 34. Qc3 c5 35.
Qxc5 Rxd2 36. Qc1 Rxe2  0-1

[Event "British Chess Championships 2023: "]
[Site "The Venue, De Montfort University, 20 Western Boulevard, Leicester, LE2 7BU"]
[Date "2023.07.22"]
[Round "2"]
[Board "2"]
[White "Acibar, Arnold"]
[Black "Gilbert, David J"]
[Result "1-0"]
[WhiteElo "1722"]
[BlackElo "1603"]
[PlyCount "85"]
[EventDate "2023.07.21"]
[EventRounds "5"]
[EventCountry "ENG"]

1. e4 d5 2. exd5 Qxd5 3. Nf3 Bg4 4. Be2 Nf6 5. h3 Bh5 6. d4 Nc6 7. c4 Qd7 8. d5 Bxf3
9. Bxf3 Ne5 10. Be2 e6 11. Qd4 Ng6 12. O-O Be7 13. Nc3 O-O 14. Rd1 exd5 15. Nxd5
Nxd5 16. Qxd5 Qxd5 17. Rxd5 Rad8 18. Rxd8 Rxd8 19. Be3 a6 20. Kf1 Bb4 21. Rd1 Rxd1+
22. Bxd1 Bd6 23. b3 Bf4 24. Ba7 c6 25. g3 Bc7 26. Bg4 b6 27. c5 bxc5 28. Bxc5 a5
29. f4 Nf8 30. Ke2 g6 31. Kd3 f5 32. Bf3 Ne6 33. Be3 Kf7 34. Bxc6 Ke7 35. Kc4 Kd6
36. Bf3 Bd8 37. a3 Bf6 38. b4 Bb2 39. bxa5 Bxa3 40. a6 Bc5 41. Bxc5+ Nxc5 42. a7
Nd7 43. Kb5  1-0

[Event "British Chess Championships 2023: "]
[Site "The Venue, De Montfort University, 20 Western Boulevard, Leicester, LE2 7BU"]
[Date "2023.07.22"]
[Round "2"]
[Board "3"]
[White "Ganti, Shriaansh"]
[Black "Taylor, Stephen A"]
[Result "1-0"]
[WhiteElo "1689"]
[BlackElo "1597"]
[PlyCount "77"]
[EventDate "2023.07.21"]
[EventRounds "5"]
[EventCountry "ENG"]

1. e4 Nc6 2. d4 d5 3. e5 Bf5 4. c3 f6 5. exf6 Nxf6 6. Nf3 a6 7. Bd3 Bxd3 8. Qxd3
e6 9. O-O h6 10. Qg6+ Kd7 11. Re1 Qe8 12. Qg3 g5 13. Nbd2 Bd6 14. Ne5+ Bxe5 15. dxe5
Nh5 16. Qe3 Qg6 17. Nb3 b6 18. Nd4 Nxd4 19. Qxd4 Rhf8 20. c4 c5 21. Qd1 d4 22. b4
Kc7 23. bxc5 bxc5 24. Ba3 Qf7 25. Rf1 Nf4 26. Bxc5 Rfd8 27. Bd6+ Rxd6 28. exd6+ Kxd6
29. Qxd4+ Ke7 30. Qe4 Rb8 31. Qe5 Rb7 32. c5 Rb5 33. Qd6+ Kf6 34. Rfe1 Kg7 35. Qd4+
Kg8 36. Rad1 Rb8 37. c6 Nd5 38. Qe5 Rf8 39. Qxe6  1-0

[Event "British Chess Championships 2023: "]
[Site "The Venue, De Montfort University, 20 Western Boulevard, Leicester, LE2 7BU"]
[Date "2023.07.22"]
[Round "2"]
[Board "4"]
[White "Rao, Shree"]
[Black "Schmerwitz, Reinhard"]
[Result "0-1"]
[WhiteElo "1599"]
[BlackElo "1683"]
[PlyCount "64"]
[EventDate "2023.07.21"]
[EventRounds "5"]
[EventCountry "ENG"]

1. e4 c5 2. Nf3 d6 3. Bb5+ Bd7 4. Bxd7+ Qxd7 5. c4 e6 6. Nc3 a6 7. d4 cxd4 8. Nxd4
Nc6 9. O-O Nf6 10. Be3 Be7 11. f3 O-O 12. Qd2 Rad8 13. Rad1 d5 14. Nxc6 bxc6 15.
cxd5 cxd5 16. exd5 exd5 17. Qd4 Rfe8 18. Rd3 Qc6 19. Rfd1 Rb8 20. b3 Rb4 21. Qa7
d4 22. Na4 dxe3 23. Qxe3 Rxa4 24. Rc3 Nd5 25. Rxd5 Qxd5 26. bxa4 Qd1+ 27. Kf2 Bh4+
28. g3 Rxe3 29. Rxe3 Qd2+ 30. Re2 Qd4+ 31. Kg2 g6 32. gxh4 Qxa4  0-1

[Event "British Chess Championships 2023: "]
[Site "The Venue, De Montfort University, 20 Western Boulevard, Leicester, LE2 7BU"]
[Date "2023.07.22"]
[Round "2"]
[Board "5"]
[White "Dias, Ruwan"]
[Black "Ball, Charlie J"]
[Result "1-0"]
[WhiteElo "1660"]
[BlackElo "1578"]
[PlyCount "37"]
[EventDate "2023.07.21"]
[EventRounds "5"]
[EventCountry "ENG"]

1. e4 c5 2. Nc3 Nc6 3. f4 g6 4. Nf3 Bg7 5. Bb5 a6 6. Bxc6 dxc6 7. O-O Nf6 8. d3 O-O
9. Qe1 Re8 10. f5 gxf5 11. Qh4 Nd7 12. Bh6 Nf8 13. Qg5 Ne6 14. Qh5 Qd6 15. e5 Bxe5
16. Nxe5 Qxe5 17. Rxf5 Qd4+ 18. Kh1 Nf8 19. Qxf7+  1-0

[Event "British Chess Championships 2023: "]
[Site "The Venue, De Montfort University, 20 Western Boulevard, Leicester, LE2 7BU"]
[Date "2023.07.22"]
[Round "2"]
[Board "6"]
[White "Williams, Stephen"]
[Black "Agnihotri, Aaryan"]
[Result "0-1"]
[WhiteElo "1646"]
[BlackElo "1564"]
[PlyCount "44"]
[EventDate "2023.07.21"]
[EventRounds "5"]
[EventCountry "ENG"]

1. d4 Nf6 2. Nc3 g6 3. e4 d6 4. Bf4 Bg7 5. Nf3 O-O 6. Qd2 Re8 7. O-O-O Nbd7 8. h4
c5 9. d5 Qb6 10. Kb1 Nxe4 11. Qd3 Nxc3+ 12. Kc1 Nxd1 13. Kxd1 Qxb2 14. h5 Ne5 15.
Bxe5 Bxe5 16. hxg6 fxg6 17. Qb3 Qxb3 18. axb3 Bg4 19. Be2 Bxf3 20. Bxf3 a5 21. Bg4
a4 22. Bd7 axb3  0-1

[Event "British Chess Championships 2023: "]
[Site "The Venue, De Montfort University, 20 Western Boulevard, Leicester, LE2 7BU"]
[Date "2023.07.22"]
[Round "2"]
[Board "7"]
[White "Pride, Stephen C"]
[Black "Woodhouse, Byron"]
[Result "1/2-1/2"]
[WhiteElo "1584"]
[BlackElo "1637"]
[PlyCount "103"]
[EventDate "2023.07.21"]
[EventRounds "5"]
[EventCountry "ENG"]

1. d4 Nf6 2. Bf4 d5 3. Nc3 Bf5 4. f3 e6 5. g4 Bg6 6. h4 h6 7. Qd2 c5 8. e3 Nc6 9.
a3 a6 10. Nge2 Rc8 11. Kf2 cxd4 12. Nxd4 Bc5 13. Nxc6 Rxc6 14. Bd3 d4 15. exd4 Bxd4+
16. Kg3 e5 17. Be3 Qc7 18. Bxg6 fxg6 19. Kh3 Rxc3 20. bxc3 Bxc3 21. Qd3 Bxa1 22.
Qxg6+ Qf7 23. Qxf7+ Kxf7 24. Rxa1 Rc8 25. Rb1 b5 26. Kg3 Rxc2 27. Rb3 Nd5 28. Ba7
g5 29. hxg5 hxg5 30. Be3 Kf6 31. Rd3 Nf4 32. Bxf4 gxf4+ 33. Kh3 Ke6 34. Kh4 a5 35.
Kg5 a4 36. Kg6 Rb2 37. g5 Rb3 38. Rd8 Rxa3 39. Re8+ Kd6 40. Kf6 Rxf3 41. Re6+ Kc7
42. Rxe5 b4 43. g6 a3 44. g7 Rg3 45. Rg5 Rxg5 46. Kxg5 a2 47. g8=Q a1=Q 48. Qc4+
Kd7 49. Qxb4 Qe5+ 50. Kg4 Qf6 51. Qxf4 Qxf4+ 52. Kxf4  1/2-1/2

[Event "British Chess Championships 2023: "]
[Site "The Venue, De Montfort University, 20 Western Boulevard, Leicester, LE2 7BU"]
[Date "2023.07.22"]
[Round "2"]
[Board "8"]
[White "Railwani, Tavish"]
[Black "Osborne, Paul J"]
[Result "1-0"]
[WhiteElo "1636"]
[BlackElo "1544"]
[PlyCount "91"]
[EventDate "2023.07.21"]
[EventRounds "5"]
[EventCountry "ENG"]

1. e4 e6 2. d4 a6 3. Nf3 b5 4. Bd3 Bb7 5. Bf4 Nc6 6. c3 h6 7. O-O g5 8. Bg3 Nf6 9.
Nbd2 Nh5 10. Qc2 Nxg3 11. fxg3 Qe7 12. Rae1 Bg7 13. d5 Na7 14. Nb3 e5 15. c4 d6 16.
c5 O-O 17. c6 Bc8 18. Nbd2 Bg4 19. a4 Rfb8 20. Ra1 b4 21. Bxa6 Rb6 22. Bb7 Rb8 23.
Nc4 b3 24. Qc3 R6xb7 25. cxb7 Rxb7 26. Na5 Rb6 27. Nxb3 Bd7 28. Nbd2 c5 29. Qa5 Nc8
30. b3 Qe8 31. Qc3 Bf6 32. a5 Rb4 33. a6 Na7 34. Ne1 Bd8 35. Nc2 Bb6 36. Kh1 Rb5
37. Nc4 Bc7 38. Rf6 Qe7 39. Raf1 Be8 40. Rxh6 Kg7 41. Rhf6 Qxf6 42. Rxf6 Kxf6 43.
Qf3+ Ke7 44. N2e3 Kd8 45. Qf6+ Kd7 46. Nf5  1-0

[Event "British Chess Championships 2023: "]
[Site "The Venue, De Montfort University, 20 Western Boulevard, Leicester, LE2 7BU"]
[Date "2023.07.22"]
[Round "2"]
[Board "9"]
[White "Flint, James"]
[Black "Riggs, Samuel"]
[Result "0-1"]
[WhiteElo "1534"]
[BlackElo "1630"]
[PlyCount "82"]
[EventDate "2023.07.21"]
[EventRounds "5"]
[EventCountry "ENG"]

1. c4 Nf6 2. Nc3 g6 3. g3 Bg7 4. Bg2 O-O 5. e4 d6 6. h3 c5 7. Nge2 Nc6 8. O-O a6
9. d3 Rb8 10. a4 Bd7 11. Be3 Qc8 12. Kh2 b6 13. Qd2 Nb4 14. Rad1 b5 15. axb5 axb5
16. cxb5 Bxb5 17. Nxb5 Rxb5 18. Nc3 Rb8 19. Bh6 e5 20. Bxg7 Kxg7 21. f4 Nd7 22. f5
f6 23. fxg6 hxg6 24. h4 Rh8 25. Bh3 Qd8 26. Qf2 Nf8 27. Ra1 Qe7 28. Qxf6+ Qxf6 29.
Ra7+ Kh6 30. Rxf6 Nxd3 31. g4 Nh7 32. g5+ Nxg5 33. hxg5+ Kxg5 34. Rxd6 Nf4 35. Ra2
Rxh3+ 36. Kg1 Rbh8 37. Nd5 Rh1+ 38. Kf2 R8h2+ 39. Ke3 Re1+ 40. Kf3 Rf1+ 41. Ke3 Re2#
 0-1

[Event "British Chess Championships 2023: "]
[Site "The Venue, De Montfort University, 20 Western Boulevard, Leicester, LE2 7BU"]
[Date "2023.07.22"]
[Round "2"]
[Board "10"]
[White "Collins, Nigel"]
[Black "Veeturi, Yashvardhan"]
[Result "1/2-1/2"]
[WhiteElo "1496"]
[BlackElo "1628"]
[PlyCount "49"]
[EventDate "2023.07.21"]
[EventRounds "5"]
[EventCountry "ENG"]

1. c4 e5 2. Nc3 Nc6 3. g3 g6 4. Bg2 Bg7 5. e4 d6 6. Nge2 Be6 7. d3 Qd7 8. O-O Bh3
9. a3 Bxg2 10. Kxg2 Nge7 11. Nd5 Nc8 12. Bg5 O-O 13. Bf6 Nd8 14. f4 c6 15. Bxg7 Kxg7
16. Ndc3 exf4 17. Nxf4 Ne6 18. Qg4 Nxf4+ 19. Qxf4 Ne7 20. Qf6+ Kg8 21. Rf4 Qe6 22.
Qxe6 fxe6 23. Raf1 Rxf4 24. Rxf4 Rf8 25. Rxf8+  1/2-1/2

[Event "British Chess Championships 2023: "]
[Site "The Venue, De Montfort University, 20 Western Boulevard, Leicester, LE2 7BU"]
[Date "2023.07.22"]
[Round "2"]
[Board "11"]
[White "Agnihotri, Akaash"]
[Black "Steel, Martin J"]
[Result "1-0"]
[WhiteElo "1493"]
[BlackElo "1610"]
[PlyCount "127"]
[EventDate "2023.07.21"]
[EventRounds "5"]
[EventCountry "ENG"]

1. e4 e6 2. d4 d5 3. Nc3 Bb4 4. e5 Ne7 5. f4 c5 6. a3 Bxc3+ 7. bxc3 Nbc6 8. Nf3 Qa5
9. Bd2 c4 10. Be2 Bd7 11. O-O h6 12. Qe1 O-O-O 13. Ra2 Kb8 14. Rb2 Qc7 15. Qa1 Ka8
16. a4 Na5 17. Qa3 Nec6 18. Rfb1 Bc8 19. g3 f6 20. Bf1 Qd7 21. exf6 gxf6 22. Bh3
Qf7 23. Bg2 h5 24. Re1 Qg8 25. Rb5 Qg6 26. Qa2 Rdg8 27. Re2 Qg4 28. Kf1 Bd7 29. Nh4
Qg7 30. Bh3 Qf7 31. Qa3 e5 32. Bxd7 Qxd7 33. fxe5 fxe5 34. dxe5 Rf8+ 35. Bf4 Qe6
36. Qd6 Qh3+ 37. Rg2 Rxf4+ 38. gxf4 Qxh4 39. Qf6 Qxf6 40. exf6 Rf8 41. f7 Ne7 42.
Rxa5 Rxf7 43. Rb5 Rxf4+ 44. Rf2 Rxf2+ 45. Kxf2 b6 46. Rb1 Kb7 47. Rg1 Nf5 48. Rg5
Nd6 49. Ke3 Ne4 50. Rxh5 Nxc3 51. Kd4 Ne2+ 52. Ke3 Nc3 53. h4 Kc6 54. Kd4 Ne2+ 55.
Ke5 d4 56. Rh6+ Kc5 57. Rd6 Ng1 58. Rf6 d3 59. cxd3 cxd3 60. Rf1 Ne2 61. h5 Ng3 62.
Rc1+ Kb4 63. h6 d2 64. Rd1  1-0

[Event "British Chess Championships 2023: "]
[Site "The Venue, De Montfort University, 20 Western Boulevard, Leicester, LE2 7BU"]
[Date "2023.07.22"]
[Round "2"]
[Board "14"]
[White "Gunn, Michael J"]
[Black "Harrison, Oliver"]
[Result "1/2-1/2"]
[WhiteElo "1606"]
[BlackElo "1693"]
[PlyCount "50"]
[EventDate "2023.07.21"]
[EventRounds "5"]
[EventCountry "ENG"]

1. e4 e5 2. Nf3 Nc6 3. Bc4 Nf6 4. d4 exd4 5. e5 d5 6. Bb5 Ne4 7. Nxd4 Bd7 8. Bxc6
bxc6 9. O-O Qh4 10. Nf3 Qh5 11. h3 Bc5 12. Nbd2 Ng3 13. Re1 Bxh3 14. gxh3 Qxh3 15.
Nh2 Bxf2+ 16. Kxf2 Qxh2+ 17. Kf3 Nh5 18. Nf1 Qh3+ 19. Kf2 Qh4+ 20. Kg2 O-O 21. Qe2
g5 22. Qf2 Qxf2+ 23. Kxf2 h6 24. Ng3 Nxg3 25. Kxg3 Kg7  1/2-1/2

[Event "British Chess Championships 2023: "]
[Site "The Venue, De Montfort University, 20 Western Boulevard, Leicester, LE2 7BU"]
[Date "2023.07.22"]
[Round "2"]
[Board "15"]
[White "Daly, Grant"]
[Black "Lawrence, Simon"]
[Result "0-1"]
[WhiteElo "1596"]
[BlackElo "1678"]
[PlyCount "36"]
[EventDate "2023.07.21"]
[EventRounds "5"]
[EventCountry "ENG"]

1. d4 Nf6 2. c4 e5 3. dxe5 Ng4 4. Nf3 Bc5 5. e3 Nc6 6. Be2 O-O 7. b3 Re8 8. Bb2 Ngxe5
9. Nxe5 Nxe5 10. Nc3 a5 11. O-O Ra6 12. Qd5 Qe7 13. Ne4 Ba7 14. Rfd1 Rh6 15. Ng3
d6 16. Qxa5 Qh4 17. Qxa7 Qxh2+ 18. Kf1 Qh1+  0-1

[Event "British Chess Championships 2023: "]
[Site "The Venue, De Montfort University, 20 Western Boulevard, Leicester, LE2 7BU"]
[Date "2023.07.22"]
[Round "2"]
[Board "16"]
[White "Howorth, Jack"]
[Black "Perkins, Chris"]
[Result "1/2-1/2"]
[WhiteElo "1660"]
[BlackElo "1606"]
[PlyCount "133"]
[EventDate "2023.07.21"]
[EventRounds "5"]
[EventCountry "ENG"]

1. e4 c5 2. c3 d5 3. exd5 Nf6 4. Bb5+ Nbd7 5. c4 a6 6. Ba4 b5 7. cxb5 axb5 8. Bxb5
Ba6 9. Bc6 Rb8 10. Nc3 Qc7 11. Qa4 Bb7 12. Nf3 Kd8 13. Nb5 Bxc6 14. dxc6 Qxc6 15.
Nc3 Qe6+ 16. Kf1 Qf5 17. d4 Qd3+ 18. Kg1 Nb6 19. Qd1 Qxd1+ 20. Nxd1 e6 21. Bf4 Rb7
22. Nc3 Nfd5 23. Nxd5 Nxd5 24. Bc1 f6 25. g3 g5 26. dxc5 Bxc5 27. Kg2 Ke7 28. Re1
Nb4 29. Re2 Rd8 30. Bd2 h5 31. Nxg5 Rxd2 32. Rxd2 fxg5 33. a3 Nd5 34. b4 Bb6 35.
b5 Ba5 36. Rc2 Rxb5 37. a4 Rb4 38. Rc5 Bb6 39. Rb5 Rxb5 40. axb5 g4 41. h3 gxh3+
42. Kxh3 Bxf2 43. Kh4 Nc7 44. Rb1 Nd5 45. Rb2 Bd4 46. Rc2 Bc3 47. Kxh5 e5 48. g4
e4 49. g5 e3 50. b6 Kd7 51. Kg4 Kc6 52. g6 e2 53. Rxe2 Kxb6 54. Re6+ Kc7 55. Kg5
Kd7 56. Re4 Ne7 57. Kh6 Ke8 58. Kh7 Kd7 59. g7 Bxg7 60. Kxg7 Kd6 61. Kf6 Nd5+ 62.
Kf5 Ne7+ 63. Kf4 Nd5+ 64. Kf3 Kc5 65. Rh4 Kd6 66. Ke4 Nf6+ 67. Kd4  1/2-1/2

[Event "British Chess Championships 2023: "]
[Site "The Venue, De Montfort University, 20 Western Boulevard, Leicester, LE2 7BU"]
[Date "2023.07.22"]
[Round "2"]
[Board "17"]
[White "Ananyev, Yaroslav"]
[Black "Vaddhireddy, Sai"]
[Result "0-1"]
[WhiteElo "1564"]
[BlackElo "1657"]
[PlyCount "56"]
[EventDate "2023.07.21"]
[EventRounds "5"]
[EventCountry "ENG"]

1. Nf3 Nf6 2. d4 d5 3. e3 c5 4. b3 Nc6 5. Bb2 Bg4 6. h3 Bh5 7. Bd3 cxd4 8. exd4 e6
9. Nbd2 Bd6 10. O-O O-O 11. Re1 Rc8 12. a3 Qc7 13. Rc1 Qa5 14. c4 Bf4 15. b4 Qd8
16. g4 dxc4 17. Rxc4 Bg6 18. Bxg6 hxg6 19. Nb3 b6 20. Qc2 Qd5 21. Ne5 Bxe5 22. dxe5
Nd4 23. Nxd4 Rxc4 24. Qd3 Nd7 25. h4 Rfc8 26. h5 Nxe5 27. Qg3 Rxd4 28. Rxe5 Rd1+
 0-1

[Event "British Chess Championships 2023: "]
[Site "The Venue, De Montfort University, 20 Western Boulevard, Leicester, LE2 7BU"]
[Date "2023.07.22"]
[Round "2"]
[Board "18"]
[White "Scott, Jane"]
[Black "Kent, Rowan"]
[Result "0-1"]
[WhiteElo "1477"]
[BlackElo "1650"]
[PlyCount "52"]
[EventDate "2023.07.21"]
[EventRounds "5"]
[EventCountry "ENG"]

1. e4 e5 2. Nf3 Nc6 3. d4 exd4 4. Bc4 Nf6 5. e5 d5 6. Bb5 Nd7 7. O-O Be7 8. Bxc6
bxc6 9. Nxd4 Bb7 10. e6 Nf6 11. exf7+ Kxf7 12. Bg5 Re8 13. Re1 Kg8 14. Nd2 c5 15.
Nf5 d4 16. Rxe7 Rxe7 17. Bxf6 gxf6 18. Nxe7+ Qxe7 19. Qe1 Re8 20. Qxe7 Rxe7 21. Rd1
Re2 22. f3 Bc6 23. c3 Ba4 24. Nb3 Rxb2 25. cxd4 Rxa2 26. Nxc5 Bxd1  0-1

[Event "British Chess Championships 2023: "]
[Site "The Venue, De Montfort University, 20 Western Boulevard, Leicester, LE2 7BU"]
[Date "2023.07.22"]
[Round "2"]
[Board "19"]
[White "Segat, Davide"]
[Black "Homer, Neil S"]
[Result "1/2-1/2"]
[WhiteElo "1525"]
[BlackElo "1648"]
[PlyCount "61"]
[EventDate "2023.07.21"]
[EventRounds "5"]
[EventCountry "ENG"]

1. c4 c6 2. e4 d5 3. cxd5 cxd5 4. exd5 Nf6 5. Bb5+ Nbd7 6. Nc3 a6 7. Ba4 g6 8. Nf3
Bg7 9. O-O O-O 10. d4 Nb6 11. Bb3 Nbxd5 12. Bg5 h6 13. Bh4 Be6 14. Re1 Nxc3 15. bxc3
Bxb3 16. Qxb3 b5 17. Ne5 Qd5 18. Qb4 e6 19. f3 g5 20. Bg3 Nh5 21. Rad1 Nxg3 22. hxg3
Bxe5 23. Rxe5 Qxa2 24. d5 exd5 25. Rdxd5 Qc4 26. Qe7 Qxc3 27. Rxg5+ hxg5 28. Rxg5+
Qg7 29. Rxg7+ Kxg7 30. Qg5+ Kh7 31. Qh5+  1/2-1/2

[Event "British Chess Championships 2023: "]
[Site "The Venue, De Montfort University, 20 Western Boulevard, Leicester, LE2 7BU"]
[Date "2023.07.22"]
[Round "2"]
[Board "20"]
[White "Szwajkun, Richard"]
[Black "Belur, Ankita"]
[Result "0-1"]
[WhiteElo "1644"]
[BlackElo "1479"]
[PlyCount "42"]
[EventDate "2023.07.21"]
[EventRounds "5"]
[EventCountry "ENG"]

1. d4 d6 2. Nf3 Nf6 3. Bg5 Nbd7 4. Nbd2 g6 5. e4 Bg7 6. c3 O-O 7. Be2 c6 8. O-O b5
9. Qc2 Bb7 10. a4 a6 11. h3 Rc8 12. Bf4 Re8 13. e5 dxe5 14. Nxe5 Nd5 15. Bh2 Nxe5
16. Bxe5 Bxe5 17. dxe5 Qc7 18. f4 Ne3 19. Qb3 Nxf1 20. Rxf1 Qb6+ 21. Kh2 Qe3  0-1

[Event "British Chess Championships 2023: "]
[Site "The Venue, De Montfort University, 20 Western Boulevard, Leicester, LE2 7BU"]
[Date "2023.07.22"]
[Round "2"]
[Board "21"]
[White "Jones, Paul W"]
[Black "Gupta, Leonardo"]
[Result "0-1"]
[WhiteElo "1637"]
[BlackElo "1474"]
[PlyCount "38"]
[EventDate "2023.07.21"]
[EventRounds "5"]
[EventCountry "ENG"]

1. f4 c5 2. Nf3 Nc6 3. d3 g6 4. c3 d5 5. Qc2 Bg7 6. e4 Nf6 7. Be3 d4 8. Bf2 O-O 9.
c4 Nb4 10. Qd2 Ng4 11. Na3 Nxf2 12. Kxf2 Nc6 13. Be2 e5 14. fxe5 Nxe5 15. Rhe1 Ng4+
16. Kg1 Bh6 17. Qd1 Be3+ 18. Kf1 Nxh2+ 19. Nxh2 Qh4  0-1